[Event "AUT-ch U10 Online Rapid"]
[Site "Playchess.com INT"]
[Date "2020.12.13"]
[Round "6"]
[White "Karaagac, Deniz"]
[Black "Sonnleitner, Maximilian"]
[Result "0-1"]
[WhiteElo "1385"]
[BlackElo "1440"]
[PlyCount "164"]
[EventDate "2020.12.13"]
[EventType "swiss (rapid)"]
[EventRounds "7"]
[EventCountry "AUT"]
[SourceTitle "EXT 2022"]
[Source "ChessBase"]
[SourceDate "2021.10.06"]
[SourceVersion "1"]
[SourceVersionDate "2021.10.06"]
[SourceQuality "1"]

1. d4 Nf6 2. Nc3 e6 3. Bf4 Bb4 4. Nf3 0-0 5. Qd3 Nc6 6. a4 Re8 7. e4 d5 8. e5 Ne4 9. Be2 h6 10. 0-0 Bxc3 11. bxc3 Bd7 12. h3 Rc8 13. c4 Qe7 14. cxd5 exd5 15. c4 Nb4 16. Qb3 Bc6 17. Rab1 a5 18. c5 f6 19. Bd3 Nxd3 20. Qxd3 Bxa4 21. Ra1 Qd7 22. Qa3 Bb5 23. Rfb1 b6 24. Qb3 Bc6 25. cxb6 cxb6 26. Qxb6 a4 27. Rc1 Bb5 28. Rxc8 Rxc8 29. Rb1 Nc3 30. Re1 a3 31. Kh2 Ra8 32. Bc1 a2 33. Bb2 Na4 34. e6 Nxb6 35. exd7 Nxd7 36. Ra1 Bc4 37. Nd2 Nb6 38. Nxc4 Nxc4 39. Bc3 Kf7 40. g4 Ke6 41. f4 f5 42. gxf5+ Kxf5 43. Kg3 Ne3 44. Bd2 Nc2 45. Rc1 a1Q 46. Rxa1 Rxa1 47. Bc3 Ra4 48. Bd2 Nxd4 49. Kh4 Nf3+ 50. Kg3 Nxd2 51. Kf2 Rxf4+ 52. Ke3 Ne4 53. Kd4 Nf2+ 54. Kxd5 Nxh3 55. Kd6 Re4 56. Kd7 Kf6 57. Kd8 Kf7 58. Kd7 Rd4+ 59. Kc6 Ke7 60. Kc5 Rd2 61. Kc4 Rd8 62. Kc5 Ke6 63. Kc4 Ke5 64. Kc3 Ke4 65. Kc2 Ke3 66. Kc1 Ke2 67. Kc2 Rc8+ 68. Kb3 Kd2 69. Kb4 Kd3 70. Kb5 Rc1 71. Kb4 Kd4 72. Kb3 Rc8 73. Kb2 Kd3 74. Kb1 Kd2 75. Kb2 Rb8+ 76. Ka3 Kc3 77. Ka4 Rb1 78. Ka5 Kc4 79. Ka6 Kc5 80. Ka7 Kc6 81. Ka8 Kc7 82. Ka7 Ra1# 0-1

[Event "AUT-ch U10 Online Rapid"]
[Site "Playchess.com INT"]
[Date "2020.12.13"]
[Round "4"]
[White "Schnepf, Maximilian"]
[Black "Sonnleitner, Maximilian"]
[Result "1-0"]
[WhiteElo "1380"]
[BlackElo "1480"]
[PlyCount "89"]
[EventDate "2020.12.13"]
[EventType "swiss (rapid)"]
[EventRounds "7"]
[EventCountry "AUT"]
[SourceTitle "EXT 2022"]
[Source "ChessBase"]
[SourceDate "2021.10.06"]
[SourceVersion "1"]
[SourceVersionDate "2021.10.06"]
[SourceQuality "1"]

1. d4 Nf6 2. Bf4 e6 3. Nc3 Bb4 4. a3 Bxc3+ 5. bxc3 0-0 6. Qd3 Nc6 7. Bg5 Nb4 8. axb4 d6 9. e4 e5 10. d5 Bd7 11. Bxf6 Qxf6 12. Be2 c6 13. dxc6 bxc6 14. Nf3 Be6 15. Qxd6 Rfd8 16. Qxe5 Qg6 17. Qg5 Qxe4 18. Qe5 Qxc2 19. Qf4 Qxc3+ 20. Kf1 Qxa1+ 21. Ne1 Rd4 22. Qe3 Rad8 23. Qe5 h6 24. g3 Bc4 25. Bxc4 Rxc4 26. Qxa1 Rxb4 27. Kg2 Rb3 28. Qxa7 Rc3 29. Qc7 Rd1 30. Qe5 Rcc1 31. h3 c5 32. Qe8+ Kh7 33. Qe4+ Kg8 34. Qe8+ Kh7 35. Rh2 Rxe1 36. Qxf7 c4 37. h4 c3 38. Qf5+ Kg8 39. g4 c2 40. g5 Rg1+ 41. Kh3 hxg5 42. hxg5 Rge1 43. g6 Re8 44. Qf7+ Kh8 45. Qxe8# 1-0

[Event "AUT-ch U10 Online Blitz"]
[Site "Playchess.com INT"]
[Date "2020.12.11"]
[Round "1"]
[White "Karaagac, Deniz"]
[Black "Sonnleitner, Maximilian"]
[Result "0-1"]
[WhiteElo "1620"]
[BlackElo "1620"]
[PlyCount "116"]
[EventDate "2020.12.11"]
[EventType "swiss (blitz)"]
[EventRounds "7"]
[EventCountry "AUT"]
[SourceTitle "EXT 2022"]
[Source "ChessBase"]
[SourceDate "2021.10.06"]
[SourceVersion "1"]
[SourceVersionDate "2021.10.06"]
[SourceQuality "1"]

1. d4 Nf6 2. Nc3 e6 3. Bf4 Bb4 4. a3 Bxc3+ 5. bxc3 0-0 6. Nf3 Nc6 7. e3 Re8 8. Bd3 d6 9. 0-0 Bd7 10. e4 d5 11. e5 Ng4 12. h3 Nh6 13. Bxh6 gxh6 14. Qd2 Ne7 15. Qxh6 Ng6 16. Bxg6 fxg6 17. Ng5 Qe7 18. f4 Rf8 19. g3 Qg7 20. Qxg7+ Kxg7 21. Rf2 Rae8 22. Rh2 Bb5 23. h4 h6 24. Nf3 Rf7 25. h5 g5 26. Ne1 gxf4 27. gxf4 Rxf4 28. Rg2+ Kf7 29. Nd3 Rf5 30. Rh2 Rg5+ 31. Kf2 Reg8 32. Rb1 a6 33. Nc5 b6 34. Nb3 Rf5+ 35. Ke3 Rg3+ 36. Kd2 Rff3 37. Nc1 Rxc3 38. Rf2+ Ke7 39. Re2 Rxa3 40. Nd3 Bxd3 41. cxd3 Rgxd3+ 42. Kc2 Rac3+ 43. Kb2 Rc4 44. Rc1 Rdxd4 45. Rec2 Rxc2+ 46. Rxc2 Rb4+ 47. Kc1 Rh4 48. Kb2 c5 49. Kc1 Rxh5 50. Rd2 Rxe5 51. Kc2 d4 52. Kb3 Kd6 53. Kc4 b5+ 54. Kb3 c4+ 55. Kb2 Kc5 56. Rh2 d3 57. Rxh6 Re2+ 58. Kc3 b4# 0-1

[Event "EU Union-ch U10 17th"]
[Site "Mureck"]
[Date "2019.08.06"]
[Round "7"]
[White "Li, Yinong"]
[Black "Sonnleitner, Maximilian"]
[Result "1-0"]
[WhiteElo "1031"]
[BlackElo "1163"]
[PlyCount "83"]
[EventDate "2019.07.31"]
[EventType "swiss"]
[EventRounds "9"]
[EventCountry "AUT"]
[SourceTitle "EXT 2020"]
[Source "ChessBase"]
[SourceDate "2019.10.17"]
[SourceVersion "1"]
[SourceVersionDate "2019.10.17"]
[SourceQuality "1"]

1. d4 d5 2. c4 dxc4 3. e3 Nf6 4. Bxc4 c5 5. Nf3 Bf5 6. Ne5 e6 7. Nc3 Nc6 8. Bb5 Rc8 9. 0-0 a6 10. Nxc6 bxc6 11. Bxa6 Rc7 12. b3 Rd7 13. Ne2 e5 14. Bb2 Be7 15. Qc1 exd4 16. exd4 cxd4 17. Nxd4 Rxd4 18. Bxd4 Qxd4 19. Qxc6+ Qd7 20. Qa8+ Qd8 21. Bb5+ Kf8 22. Qxd8+ Bxd8 23. Rfe1 h5 24. Re5 g6 25. a4 Bb6 26. Re2 Bg4 27. Rd2 Ba5 28. Rc2 h4 29. h3 Bf5 30. Rc6 Kg7 31. Ra6 Bc7 32. a5 g5 33. Ra7 Be5 34. Ra4 g4 35. hxg4 Bxg4 36. Bc4 Rf8 37. a6 h3 38. Rxf7+ Rxf7 39. Bxf7 h2+ 40. Kh1 Kxf7 41. a7 Ne4 42. Rxe4 1-0

[Event "AUT-ch U10"]
[Site "St Kanzian"]
[Date "2019.06.22"]
[Round "6"]
[White "Sonnleitner, Maximilian"]
[Black "Ernst, Robert"]
[Result "0-1"]
[WhiteElo "1095"]
[BlackElo "1239"]
[PlyCount "58"]
[EventDate "2019.06.21"]
[EventType "swiss"]
[EventRounds "7"]
[EventCountry "AUT"]
[SourceTitle "CBM 191 Extra"]
[Source "ChessBase"]
[SourceDate "2019.09.30"]
[SourceVersion "1"]
[SourceVersionDate "2019.09.30"]
[SourceQuality "1"]

1. e4 e5 2. Nf3 Nc6 3. Bc4 Nf6 4. Ng5 d5 5. exd5 Na5 6. Bb5+ c6 7. dxc6 bxc6 8. Bd3 Ng4 9. h4 Bc5 10. Ne4 Bb6 11. f3 Nf6 12. Nbc3 Nd5 13. b3 Nf4 14. Bf1 f5 15. g3 Ne6 16. Nf2 Bxf2+ 17. Kxf2 Bb7 18. Bb2 c5 19. Bb5+ Nc6 20. Ne2 Qb6 21. Bc4 Ned4 22. Nxd4 Nxd4 23. Bxd4 cxd4 24. c3 dxc3+ 25. Ke2 Rd8 26. d3 f4 27. Qg1 Qc7 28. Bb5+ Kf7 29. Bc4+ Bd5 0-1

[Event "AUT-ch U10"]
[Site "St Kanzian"]
[Date "2019.06.21"]
[Round "1"]
[White "Rosol, Philip"]
[Black "Sonnleitner, Maximilian"]
[Result "1-0"]
[WhiteElo "1481"]
[BlackElo "1095"]
[PlyCount "61"]
[EventDate "2019.06.21"]
[EventType "swiss"]
[EventRounds "7"]
[EventCountry "AUT"]
[SourceTitle "CBM 191 Extra"]
[Source "ChessBase"]
[SourceDate "2019.09.30"]
[SourceVersion "1"]
[SourceVersionDate "2019.09.30"]
[SourceQuality "1"]

1. d4 Nf6 2. c4 e6 3. Nc3 b6 4. Bg5 h6 5. Bxf6 Qxf6 6. e4 d6 7. g3 Bb7 8. Bg2 e5 9. dxe5 dxe5 10. Bh3 Bc5 11. Nf3 0-0 12. 0-0 Rd8 13. Qe2 Nc6 14. Nd5 Qd6 15. Rfd1 Nd4 16. Nxd4 Bxd4 17. Kh1 Bxd5 18. exd5 c6 19. dxc6 Qxc6+ 20. Bg2 Qc5 21. Bxa8 Rxa8 22. Kg2 Rc8 23. Rdc1 Qb4 24. Rab1 Qa4 25. b4 Qc6+ 26. Kg1 Qf6 27. Rc2 Qf5 28. Rb3 b5 29. c5 a6 30. Qd3 Qe6 31. Qe4 1-0